000 00400pab a2200145 454500
008 180718b2001 xxu||||| |||| 00| 0 eng d
100 _aBjorkman, J.W.
245 _aChanging state/society relations: broad-brush approaches and analytic models
260 _c2001
300 _ap.12-12.
362 _aJan-Dec
650 _aCentre state relations
773 _aAdministrative Change
909 _a53015
999 _c53015
_d53015